| 000 | 01121nas a2200325 4500 | ||
|---|---|---|---|
| 001 | BR2012009503 | ||
| 003 | BR-BrBNA | ||
| 005 | 20231205121635.0 | ||
| 007 | ta | ||
| 008 | 230509b bl.|||p| |||| 00| 00por d | ||
| 040 |
_aBR-BrBNA _bpor _cBiblioteca Nacional de Agricultura |
||
| 041 | _a(Pt) | ||
| 072 | _aL40; L74 | ||
| 100 | 1 | _aLaskoski, L.M. | |
| 100 | 1 | _aValadão, C.A.A. | |
| 100 | 1 | _aVasconcelos, R.O. | |
| 100 | 1 | _aPereira, R.N. | |
| 100 | 1 | _aDias, A.D.P.U. | |
| 100 | 1 | _aAlessi, A.C. | |
| 245 | 1 | _aAlterações morfológicas de tecido laminar do casco e parâmetros clínicos e laboratoriais de equinos com síndrome cólica letal | |
| 246 | 1 | _aMorphologic alterations of the hoof lamellar tissue, and clinic and laboratorial analyses of horses with lethal colic syndrome | |
| 650 | _aEQUINO | ||
| 650 | _aMORFOLOGIA ANIMAL | ||
| 650 | _aTECIDO ANIMAL | ||
| 650 | _aCASCO | ||
| 650 | _aSÍNDROME | ||
| 773 | 0 |
_tPesquisa Veterinária Brasileira (Brazil) _xISSN 0100-736X _g(Sep 2009), v. 29(9) p. 731-735 _wBR2012009503 |
|
| 909 |
_a202311 _bLúcia _c55 _dLúcia Elande |
||
| 942 |
_2AGRIS _n0 _cANA |
||
| 999 |
_c224508 _d224508 |
||